Caricamento...

നയമ്പും നതോന്നതയും

Dettagli Bibliografici
Autori principali: സെ൪ജി ആ൯റണി, Sergy Antony
Natura: Printed Book
Pubblicazione: Kottayam; National Book Stall; 1991
Edizione:1st
Soggetti:
LEADER 00688nam a22001817a 4500
082 |b SER/N N1  |a 894M4 
100 |a സെ൪ജി ആ൯റണി  |9 98567 
100 |a Sergy Antony  |9 98568 
240 |a Nayambum Nathonnathayum 
245 |a നയമ്പും നതോന്നതയും 
250 |a 1st 
260 |a Kottayam;  |b National Book Stall;  |c 1991 
300 |a 59p. 
650 |a മലയാളം; ലേഖനങ്ങള്‍  |9 144069 
650 |a Malayalam; Essays  |9 144071 
942 |c BK 
999 |c 52475  |d 52475 
952 |0 0  |1 0  |4 0  |6 894_000000000000000_M4_SER_N_N1  |7 0  |8 ESS  |9 62331  |a MAL  |b MAL  |d 2016-04-26  |e 37715  |g 12.00  |l 0  |o 894.M4 SER/N N1  |p MAL037715  |r 2016-04-26  |t 1  |w 2016-04-26  |y BK